Anime Opening Quiz 'G' Stats

 Plays Quiz not verified by Sporcle

Challenge
Share
Tweet
Score 0/30 Timer 10:00
0 Plays Today
% Correct
Guilty Crown
86.8%
Gekkan Shoujo Nozaki-kun
85.5%
Gosick
83.7%
Gangsta.
82.9%
Ghost in the Shell: Stand Alone Complex
81.8%
Great Teacher Onizuka
78.2%
Gundam Build Fighters
77.4%
Golden Time
76.7%
Gantz
76.5%
Gintama
75.2%
Gakkougurashi!
74.9%
Gate: Jieitai Kanochi nite, Kaku Tatakaeri
73.4%
God Eater
68.4%
Gakuen Handsome
66.2%
Gunslinger Girl
64.6%
% Correct
Gatchaman Crowds
62.2%
Gokukoku no Brynhildr
58.7%
Gakusen Toshi Asterisk
57.1%
Ginga Eiyuu Densetsu
53%
Ga-Rei: Zero
50.1%
Gakuen Alice
49.2%
GetBackers
47.5%
Gankutsuou
40%
GJ-Bu
39.1%
Ghost Hunt
39.1%
Gravitation
37.8%
Gungrave
36.7%
Ginban Kaleidoscope
30.8%
Gokusen
22.9%
Ginga Nagareboshi Gin
21.8%

You're not logged in!

Compare scores with friends on all Sporcle quizzes.
Join for Free
OR
Log In

You Might Also Like...

Show Comments

Extras

Created May 24, 2017ReportNominate
Tags:Anime Quiz, Anime Music

Top Quizzes Today


Score Distribution

Your Account Isn't Verified!

In order to create a playlist on Sporcle, you need to verify the email address you used during registration. Go to your Sporcle Settings to finish the process.

Report this User

Report this user for behavior that violates our Community Guidelines.

Details: